000 00351nam a22001457a 4500
008 221201b ||||| |||| 00| 0 eng d
020 _a9781429243285
041 _aeng
080 _2SEVENTH EDITION
_a616.053
082 _a616.053LIG
100 _a14.2
101 _aPEDIAT
245 _aTHE DEVELOPMENT OF CHILDREN
_cLIGHTFOOT C
942 _2udc
_cBK
999 _c59067
_d59067